[Event "DEM U16 2024"]
[Site "Willingen GER"]
[Date "2024.05.21"]
[Round "4"]
[White "Helms, Finn"]
[Black "Mester, Philipp"]
[Result "1-0"]
[Termination "normal"]
[Board "10"]
[WhiteElo "2044"]
[BlackElo "1975"]
[WhiteClock "00:06:36"]
[BlackClock "00:08:31"]
[PlyCount "67"]
[WhiteFideId "16249143"]
[BlackFideId "34624902"]
[EventCountry "GER"]
[EventRounds "9"]
[EventType "swiss"]
[EventDate "2024.05.18"]

1. e4 {[%clk 01:30:59]} e5 {[%clk 01:30:56]} {[%emt 00:00:05]} 2. Nf3 {[%clk
01:31:25]} {[%emt 00:00:04]} Nc6 {[%clk 01:31:22]} {[%emt 00:00:04]} 3. Bc4
{[%clk 01:31:50]} {[%emt 00:00:04]} Bc5 {[%clk 01:31:47]} {[%emt 00:00:06]} 4.
O-O {[%clk 01:32:10]} {[%emt 00:00:09]} Nf6 {[%clk 01:32:03]} {[%emt 00:00:14]}
5. d3 {[%clk 01:32:35]} {[%emt 00:00:05]} a6 {[%clk 01:31:57]} {[%emt
00:00:37]} 6. a4 {[%clk 01:32:23]} {[%emt 00:00:41]} Ba7 {[%clk 01:31:40]}
{[%emt 00:00:47]} 7. c3 {[%clk 01:32:24]} {[%emt 00:00:29]} O-O {[%clk
01:31:48]} {[%emt 00:00:22]} 8. h3 {[%clk 01:32:08]} {[%emt 00:00:46]} d5
{[%clk 01:28:08]} {[%emt 00:04:11]} 9. exd5 {[%clk 01:30:36]} {[%emt 00:02:01]}
Nxd5 {[%clk 01:26:33]} {[%emt 00:02:05]} 10. a5 {[%clk 01:24:47]} {[%emt
00:06:19]} Qd6 {[%clk 01:16:33]} {[%emt 00:10:30]} 11. Nbd2 {[%clk 01:20:13]}
{[%emt 00:05:03]} Nf4 {[%clk 01:09:32]} {[%emt 00:07:32]} 12. Ne4 {[%clk
01:18:43]} {[%emt 00:02:00]} Qg6 {[%clk 01:07:09]} {[%emt 00:02:52]} 13. Bxf4
{[%clk 01:16:17]} {[%emt 00:02:57]} exf4 {[%clk 01:07:05]} {[%emt 00:00:35]}
14. Kh1 {[%clk 01:11:23]} {[%emt 00:05:23]} Qh5 {[%clk 00:59:16]} {[%emt
00:08:18]} 15. b4 {[%clk 01:02:36]} {[%emt 00:09:17]} Bf5 {[%clk 00:46:40]}
{[%emt 00:13:07]} 16. Qd2 {[%clk 00:35:53]} {[%emt 00:27:13]} Bxe4 {[%clk
00:33:06]} {[%emt 00:14:04]} 17. dxe4 {[%clk 00:36:04]} {[%emt 00:00:19]} Ne5
{[%clk 00:33:31]} {[%emt 00:00:05]} 18. Qd5 {[%clk 00:23:54]} {[%emt 00:12:40]}
Rfe8 {[%clk 00:30:41]} {[%emt 00:03:21]} 19. Nxe5 {[%clk 00:21:34]} {[%emt
00:02:49]} Qxe5 {[%clk 00:27:45]} {[%emt 00:03:25]} 20. Qxf7+ {[%clk 00:19:53]}
{[%emt 00:02:11]} Kh8 {[%clk 00:28:09]} {[%emt 00:00:07]} 21. Be2 {[%clk
00:19:28]} {[%emt 00:00:54]} Qxc3 {[%clk 00:21:07]} {[%emt 00:07:33]} 22. Qxf4
{[%clk 00:19:24]} {[%emt 00:00:33]} Rf8 {[%clk 00:20:54]} {[%emt 00:00:44]} 23.
Rac1 {[%clk 00:13:29]} {[%emt 00:06:24]} Qxb4 {[%clk 00:14:36]} {[%emt
00:06:48]} 24. Qxc7 {[%clk 00:13:32]} {[%emt 00:00:27]} Qxe4 {[%clk 00:12:53]}
{[%emt 00:02:13]} 25. Bf3 {[%clk 00:13:21]} {[%emt 00:00:40]} Rxf3 {[%emt
00:00:55]} 26. gxf3 {[%clk 00:13:20]} {[%emt 00:00:29]} Qxf3+ {[%clk 00:12:53]}
{[%emt 00:00:08]} 27. Kg1 {[%clk 00:13:27]} {[%emt 00:00:23]} Rf8 {[%clk
00:13:00]} {[%emt 00:00:23]} 28. Qh2 {[%clk 00:12:39]} {[%emt 00:01:18]} h6
{[%clk 00:11:40]} {[%emt 00:01:50]} 29. Qg2 {[%clk 00:12:29]} {[%emt 00:00:40]}
Qf5 {[%clk 00:11:53]} {[%emt 00:00:17]} 30. Rc7 {[%clk 00:12:05]} {[%emt
00:00:54]} Bd4 {[%clk 00:11:36]} {[%emt 00:00:47]} 31. Rxb7 {[%clk 00:09:34]}
{[%emt 00:03:01]} Qxa5 {[%clk 00:11:00]} {[%emt 00:01:07]} 32. Qe4 {[%clk
00:07:16]} {[%emt 00:02:47]} Qg5+ {[%clk 00:10:02]} {[%emt 00:01:29]} 33. Kh1
{[%clk 00:06:16]} {[%emt 00:01:30]} Rf4 {[%clk 00:08:31]} {[%emt 00:02:01]} 34.
Rb8+ {[%clk 00:06:36]} {[%emt 00:00:10]} 1-0

[Event "DEM U16 2024"]
[Site "Willingen GER"]
[Date "2024.05.21"]
[Round "4"]
[White "Mader, Fabian"]
[Black "Krüger, Arthur"]
[Result "1/2-1/2"]
[Termination "normal"]
[Board "11"]
[WhiteElo "1984"]
[BlackElo "1958"]
[WhiteClock "00:07:44"]
[BlackClock "00:07:47"]
[PlyCount "55"]
[WhiteFideId "16265866"]
[BlackFideId "16244966"]
[EventCountry "GER"]
[EventRounds "9"]
[EventType "swiss"]
[EventDate "2024.05.18"]

1. e4 {[%clk 01:30:57]} {[%emt 00:00:02]} c6 {[%clk 01:30:43]} {[%emt
00:00:18]} 2. Nc3 {[%clk 01:31:15]} {[%emt 00:00:12]} d5 {[%clk 01:30:21]}
{[%emt 00:00:52]} 3. Nf3 {[%clk 01:31:33]} {[%emt 00:00:11]} dxe4 {[%clk
01:30:02]} {[%emt 00:00:49]} 4. Nxe4 {[%clk 01:31:56]} {[%emt 00:00:07]} Nf6
{[%clk 01:30:18]} {[%emt 00:00:14]} 5. Nxf6+ {[%clk 01:31:17]} {[%emt
00:01:09]} exf6 {[%clk 01:30:18]} {[%emt 00:00:29]} 6. d4 {[%clk 01:31:22]}
{[%emt 00:00:25]} Bd6 {[%clk 01:30:21]} {[%emt 00:00:27]} 7. Be2 {[%clk
01:31:08]} {[%emt 00:00:44]} O-O {[%clk 01:30:15]} {[%emt 00:00:36]} 8. O-O
{[%clk 01:31:02]} {[%emt 00:00:36]} Re8 {[%clk 01:27:13]} {[%emt 00:03:32]} 9.
Be3 {[%clk 01:29:29]} {[%emt 00:02:03]} Na6 {[%clk 01:23:13]} {[%emt 00:04:30]}
10. Qd2 {[%clk 01:24:54]} {[%emt 00:05:04]} Nc7 {[%clk 01:21:04]} {[%emt
00:02:40]} 11. c4 {[%clk 01:23:20]} {[%emt 00:02:04]} Ne6 {[%clk 01:15:07]}
{[%emt 00:06:26]} 12. Bd3 {[%clk 01:11:16]} {[%emt 00:12:34]} Qc7 {[%clk
00:48:28]} {[%emt 00:27:10]} 13. g3 {[%clk 00:53:55]} {[%emt 00:17:51]} c5
{[%clk 00:44:42]} {[%emt 00:04:16]} 14. d5 {[%clk 00:46:34]} {[%emt 00:07:51]}
Nf8 {[%clk 00:44:22]} {[%emt 00:00:49]} 15. Nh4 {[%clk 00:43:11]} {[%emt
00:03:54]} Ng6 {[%clk 00:37:02]} {[%emt 00:07:50]} 16. Nxg6 {[%clk 00:39:07]}
{[%emt 00:04:34]} fxg6 {[%clk 00:36:15]} {[%emt 00:01:17]} 17. f4 {[%clk
00:36:28]} {[%emt 00:03:10]} Bf5 {[%clk 00:24:08]} {[%emt 00:12:37]} 18. Bxf5
{[%clk 00:28:37]} {[%emt 00:08:20]} gxf5 {[%clk 00:24:29]} {[%emt 00:00:09]}
19. Rae1 {[%clk 00:20:56]} {[%emt 00:08:10]} Re4 {[%clk 00:23:39]} {[%emt
00:01:20]} 20. b3 {[%clk 00:19:05]} {[%emt 00:02:22]} Rae8 {[%clk 00:21:31]}
{[%emt 00:02:39]} 21. Bf2 {[%clk 00:13:04]} {[%emt 00:06:31]} Kf7 {[%clk
00:16:09]} {[%emt 00:05:51]} 22. Rxe4 {[%clk 00:10:18]} {[%emt 00:03:16]} Rxe4
{[%clk 00:16:22]} {[%emt 00:00:18]} 23. Re1 {[%clk 00:10:38]} {[%emt 00:00:10]}
Qe7 {[%clk 00:14:57]} {[%emt 00:01:55]} 24. Rxe4 {[%clk 00:10:30]} {[%emt
00:00:38]} Qxe4 {[%clk 00:14:58]} {[%emt 00:00:29]} 25. Qe1 {[%clk 00:10:45]}
{[%emt 00:00:15]} Kg6 {[%clk 00:09:41]} {[%emt 00:05:47]} 26. Qxe4 {[%clk
00:08:24]} {[%emt 00:02:51]} fxe4 {[%clk 00:10:09]} {[%emt 00:00:02]} 27. Be3
{[%clk 00:08:35]} {[%emt 00:00:19]} f5 {[%clk 00:07:47]} {[%emt 00:02:52]} 28.
Kf2 {[%clk 00:07:44]} {[%emt 00:01:21]} 1/2-1/2

[Event "DEM U16 2024"]
[Site "Willingen GER"]
[Date "2024.05.21"]
[Round "4"]
[White "Oldenburg, Max Leonard"]
[Black "Wunderlich, Elias"]
[Result "0-1"]
[Termination "normal"]
[Board "12"]
[WhiteElo "1753"]
[BlackElo "2007"]
[WhiteClock "00:01:11"]
[BlackClock "00:11:29"]
[PlyCount "80"]
[WhiteFideId "34660348"]
[BlackFideId "34608087"]
[EventCountry "GER"]
[EventRounds "9"]
[EventType "swiss"]
[EventDate "2024.05.18"]

1. e4 {[%clk 01:30:59]} e6 {[%clk 01:30:59]} {[%emt 00:00:03]} 2. d4 {[%clk
01:31:23]} {[%emt 00:00:05]} d5 {[%clk 01:31:25]} {[%emt 00:00:04]} 3. Nd2
{[%clk 01:31:49]} {[%emt 00:00:04]} c5 {[%clk 01:31:53]} {[%emt 00:00:03]} 4.
exd5 {[%clk 01:32:12]} {[%emt 00:00:07]} Qxd5 {[%clk 01:32:21]} {[%emt
00:00:02]} 5. Ngf3 {[%clk 01:32:26]} {[%emt 00:00:15]} cxd4 {[%clk 01:32:50]}
{[%emt 00:00:02]} 6. Bc4 {[%clk 01:32:45]} {[%emt 00:00:10]} Qd6 {[%clk
01:33:19]} 7. O-O {[%clk 01:33:02]} {[%emt 00:00:15]} Nf6 {[%clk 01:33:47]}
{[%emt 00:00:02]} 8. Nb3 {[%clk 01:33:16]} {[%emt 00:00:15]} Nc6 {[%clk
01:34:16]} {[%emt 00:00:02]} 9. Nbxd4 {[%clk 01:33:25]} {[%emt 00:00:21]} Nxd4
{[%clk 01:34:44]} {[%emt 00:00:03]} 10. Nxd4 {[%clk 01:33:52]} {[%emt
00:00:02]} Be7 {[%clk 01:35:01]} {[%emt 00:00:14]} 11. c3 {[%clk 01:33:46]}
{[%emt 00:00:35]} O-O {[%clk 01:35:25]} {[%emt 00:00:07]} 12. Qf3 {[%clk
01:33:53]} {[%emt 00:00:23]} Qc7 {[%clk 01:35:53]} {[%emt 00:00:02]} 13. Bd3
{[%clk 01:33:12]} {[%emt 00:01:11]} Bd7 {[%clk 01:35:57]} {[%emt 00:00:27]} 14.
Bg5 {[%clk 01:31:21]} {[%emt 00:02:19]} Rfe8 {[%clk 01:35:33]} {[%emt
00:00:55]} 15. Rad1 {[%clk 01:30:31]} {[%emt 00:01:20]} Qb6 {[%clk 01:30:16]}
{[%emt 00:05:47]} 16. Rd2 {[%clk 01:22:05]} {[%emt 00:08:55]} a5 {[%clk
01:28:02]} {[%emt 00:02:45]} 17. Rfd1 {[%clk 01:18:07]} {[%emt 00:04:26]} a4
{[%clk 01:22:32]} {[%emt 00:06:01]} 18. h3 {[%clk 01:15:30]} {[%emt 00:03:07]}
Ra5 {[%clk 01:21:15]} {[%emt 00:01:48]} 19. Bxf6 {[%clk 01:15:02]} {[%emt
00:00:58]} Bxf6 {[%clk 01:21:43]} {[%emt 00:00:02]} 20. Be4 {[%clk 01:13:54]}
{[%emt 00:01:38]} Rb8 {[%clk 01:12:41]} {[%emt 00:09:31]} 21. Nc2 {[%clk
01:08:14]} {[%emt 00:06:10]} Be8 {[%clk 01:07:31]} {[%emt 00:05:40]} 22. Nb4
{[%clk 00:56:13]} {[%emt 00:12:31]} Qc7 {[%clk 01:06:57]} {[%emt 00:01:04]} 23.
a3 {[%clk 00:51:59]} {[%emt 00:04:44]} Be7 {[%clk 01:01:32]} {[%emt 00:05:54]}
24. Rd4 {[%clk 00:43:09]} {[%emt 00:09:19]} Bc5 {[%clk 01:00:48]} {[%emt
00:01:15]} 25. R4d2 {[%clk 00:43:17]} {[%emt 00:00:21]} Bb6 {[%clk 00:52:39]}
{[%emt 00:08:40]} 26. h4 {[%clk 00:38:59]} {[%emt 00:04:48]} Qe7 {[%clk
00:51:47]} {[%emt 00:01:23]} 27. h5 {[%clk 00:33:20]} {[%emt 00:06:08]} h6
{[%clk 00:50:42]} {[%emt 00:01:36]} 28. Bc2 {[%clk 00:26:15]} {[%emt 00:07:35]}
Bc7 {[%clk 00:47:46]} {[%emt 00:03:24]} 29. Qe4 {[%clk 00:21:20]} {[%emt
00:05:24]} f5 {[%clk 00:46:26]} {[%emt 00:01:53]} 30. Qe2 {[%clk 00:20:37]}
{[%emt 00:01:13]} Re5 {[%clk 00:46:10]} {[%emt 00:00:46]} 31. Qf3 {[%clk
00:17:20]} {[%emt 00:03:46]} Qh4 {[%clk 00:44:47]} {[%emt 00:01:53]} 32. Nd3
{[%clk 00:12:19]} {[%emt 00:05:32]} Re4 {[%clk 00:25:15]} {[%emt 00:20:02]} 33.
g3 {[%clk 00:11:33]} {[%emt 00:01:15]} Qg5 {[%clk 00:23:29]} {[%emt 00:02:15]}
34. Qg2 {[%clk 00:08:30]} {[%emt 00:03:31]} Bc6 {[%clk 00:22:29]} {[%emt
00:01:32]} 35. f3 {[%clk 00:07:24]} {[%emt 00:01:35]} Re3 {[%clk 00:22:41]}
{[%emt 00:00:18]} 36. Rf2 {[%clk 00:06:14]} {[%emt 00:01:39]} Bxg3 {[%clk
00:22:55]} {[%emt 00:00:18]} 37. Rff1 {[%clk 00:05:23]} {[%emt 00:01:21]} f4
{[%clk 00:21:59]} {[%emt 00:01:26]} 38. Nb4 {[%clk 00:03:14]} {[%emt 00:02:39]}
Re2 {[%clk 00:21:12]} {[%emt 00:01:17]} 39. Qh3 {[%clk 00:01:32]} {[%emt
00:02:12]} Be8 {[%clk 00:11:29]} {[%emt 00:10:14]} 40. Qxe6+ {[%clk 00:01:11]}
{[%emt 00:00:49]} Rxe6 {[%emt 00:00:24]} 0-1

[Event "DEM U16 2024"]
[Site "Willingen GER"]
[Date "2024.05.21"]
[Round "4"]
[White "Göpfert, Gregor"]
[Black "Asmussen, Johann"]
[Result "1-0"]
[Termination "normal"]
[Board "13"]
[WhiteElo "1732"]
[BlackElo "1568"]
[WhiteClock "00:22:39"]
[BlackClock "00:12:59"]
[PlyCount "115"]
[WhiteFideId "34603964"]
[BlackFideId "16273486"]
[EventCountry "GER"]
[EventRounds "9"]
[EventType "swiss"]
[EventDate "2024.05.18"]

1. e4 {[%clk 01:30:57]} {[%emt 00:00:02]} e5 {[%clk 01:30:54]} {[%emt
00:00:07]} 2. Nf3 {[%clk 01:31:22]} {[%emt 00:00:04]} Nc6 {[%clk 01:31:20]}
{[%emt 00:00:05]} 3. Bc4 {[%clk 01:31:48]} {[%emt 00:00:04]} Bc5 {[%clk
01:31:43]} {[%emt 00:00:06]} 4. c3 {[%clk 01:32:14]} {[%emt 00:00:04]} Nf6
{[%clk 01:32:09]} {[%emt 00:00:05]} 5. d3 {[%clk 01:32:40]} {[%emt 00:00:04]}
O-O {[%clk 01:32:20]} {[%emt 00:00:19]} 6. Bg5 {[%clk 01:30:17]} {[%emt
00:02:52]} d6 {[%clk 01:30:19]} {[%emt 00:02:31]} 7. b4 {[%clk 01:30:13]}
{[%emt 00:00:34]} Bb6 {[%clk 01:29:27]} {[%emt 00:01:21]} 8. a4 {[%clk
01:30:36]} {[%emt 00:00:08]} a6 {[%clk 01:26:41]} {[%emt 00:03:15]} 9. O-O
{[%clk 01:28:49]} {[%emt 00:02:17]} h6 {[%clk 01:26:44]} {[%emt 00:00:28]} 10.
Bh4 {[%clk 01:28:58]} {[%emt 00:00:21]} Be6 {[%clk 01:24:31]} {[%emt 00:02:42]}
11. Nbd2 {[%clk 01:25:34]} {[%emt 00:03:55]} Ba7 {[%clk 01:18:28]} {[%emt
00:06:33]} 12. Re1 {[%clk 01:21:03]} {[%emt 00:05:01]} Re8 {[%clk 01:11:20]}
{[%emt 00:07:38]} 13. Bb3 {[%clk 01:11:23]} {[%emt 00:10:10]} Qe7 {[%clk
01:02:04]} {[%emt 00:09:45]} 14. Nc4 {[%clk 01:09:28]} {[%emt 00:02:27]} Bg4
{[%clk 00:57:47]} {[%emt 00:04:46]} 15. Ne3 {[%clk 01:04:53]} {[%emt 00:05:05]}
g5 {[%clk 00:50:06]} {[%emt 00:08:11]} 16. Bg3 {[%clk 01:04:10]} {[%emt
00:01:13]} Bxe3 {[%clk 00:48:55]} {[%emt 00:01:41]} 17. Rxe3 {[%clk 01:03:31]}
{[%emt 00:01:09]} Nh5 {[%clk 00:45:59]} {[%emt 00:03:24]} 18. h3 {[%clk
00:57:58]} {[%emt 00:06:05]} Bd7 {[%clk 00:41:45]} {[%emt 00:04:43]} 19. Nxe5
{[%clk 00:47:07]} {[%emt 00:11:23]} Nxe5 {[%clk 00:34:58]} {[%emt 00:07:16]}
20. Qxh5 {[%clk 00:46:57]} {[%emt 00:00:40]} Kg7 {[%clk 00:32:33]} {[%emt
00:02:54]} 21. Rf1 {[%clk 00:45:27]} {[%emt 00:02:00]} Ng6 {[%clk 00:28:00]}
{[%emt 00:05:03]} 22. d4 {[%clk 00:36:55]} {[%emt 00:09:03]} f6 {[%clk
00:25:42]} {[%emt 00:02:48]} 23. Bc2 {[%clk 00:34:35]} {[%emt 00:02:50]} Qf7
{[%clk 00:24:44]} {[%emt 00:01:28]} 24. Qe2 {[%clk 00:31:00]} {[%emt 00:04:04]}
a5 {[%clk 00:20:34]} {[%emt 00:04:41]} 25. b5 {[%emt 00:01:32]} Rad8 {[%clk
00:19:53]} {[%emt 00:01:07]} 26. f4 {[%clk 00:26:55]} {[%emt 00:03:36]} b6
{[%clk 00:17:09]} {[%emt 00:03:15]} 27. Qf2 {[%clk 00:20:21]} {[%emt 00:07:03]}
Bc8 {[%emt 00:03:41]} 28. fxg5 {[%clk 00:19:23]} {[%emt 00:00:01]} hxg5 {[%clk
00:15:37]} {[%emt 00:00:20]} 29. Rf3 {[%clk 00:19:06]} {[%emt 00:00:46]} Rf8
{[%clk 00:15:31]} {[%emt 00:00:36]} 30. e5 {[%clk 00:18:51]} {[%emt 00:00:46]}
dxe5 {[%clk 00:15:07]} {[%emt 00:00:53]} 31. dxe5 {[%clk 00:19:01]} {[%emt
00:00:20]} Rde8 {[%clk 00:12:42]} {[%emt 00:02:54]} 32. Rxf6 {[%clk 00:18:35]}
{[%emt 00:00:57]} Be6 {[%clk 00:08:39]} {[%emt 00:04:33]} 33. Bxg6 {[%clk
00:17:17]} {[%emt 00:01:48]} Qxf6 {[%clk 00:08:37]} {[%emt 00:00:32]} 34. exf6+
{[%clk 00:17:31]} {[%emt 00:00:16]} Kxg6 {[%clk 00:08:59]} {[%emt 00:00:07]}
35. Bxc7 {[%clk 00:16:19]} {[%emt 00:01:43]} Rc8 {[%clk 00:08:51]} {[%emt
00:00:37]} 36. Qxb6 {[%clk 00:16:14]} {[%emt 00:00:36]} Rxf6 {[%clk 00:09:03]}
{[%emt 00:00:17]} 37. Rxf6+ {[%clk 00:16:25]} {[%emt 00:00:20]} Kxf6 {[%clk
00:09:26]} {[%emt 00:00:07]} 38. Qxa5 {[%clk 00:16:26]} {[%emt 00:00:29]} g4
{[%clk 00:09:40]} {[%emt 00:00:16]} 39. hxg4 {[%clk 00:16:34]} {[%emt
00:00:22]} Rh8 {[%clk 00:09:13]} {[%emt 00:00:57]} 40. b6 {[%clk 00:16:29]}
{[%emt 00:00:35]} Re8 {[%clk 00:08:51]} {[%emt 00:00:52]} 41. b7 {[%clk
00:16:33]} {[%emt 00:00:26]} Bxg4 {[%clk 00:08:57]} {[%emt 00:00:24]} 42. Qe5+
{[%clk 00:16:39]} {[%emt 00:00:24]} Rxe5 {[%clk 00:09:09]} {[%emt 00:00:19]}
43. Bxe5+ {[%clk 00:17:04]} {[%emt 00:00:04]} Kf5 {[%clk 00:09:29]} {[%emt
00:00:09]} 44. b8=Q {[%clk 00:17:25]} {[%emt 00:00:10]} Ke4 {[%clk 00:09:42]}
{[%emt 00:00:18]} 45. Qb4+ {[%clk 00:17:42]} {[%emt 00:00:12]} Kf5 {[%clk
00:10:00]} {[%emt 00:00:10]} 46. Qxg4+ {[%clk 00:18:06]} {[%emt 00:00:08]} Kxg4
{[%clk 00:10:10]} {[%emt 00:00:20]} 47. a5 {[%clk 00:18:29]} {[%emt 00:00:06]}
Kf5 {[%clk 00:10:29]} {[%emt 00:00:11]} 48. a6 {[%clk 00:18:50]} {[%emt
00:00:10]} Kxe5 {[%clk 00:10:38]} {[%emt 00:00:21]} 49. a7 {[%clk 00:19:13]}
{[%emt 00:00:07]} Kf4 {[%clk 00:10:45]} {[%emt 00:00:23]} 50. a8=Q {[%clk
00:19:33]} {[%emt 00:00:10]} Ke3 {[%clk 00:11:05]} {[%emt 00:00:10]} 51. Qf3+
{[%clk 00:19:53]} {[%emt 00:00:10]} Kd2 {[%clk 00:11:22]} 52. g4 {[%clk
00:19:53]} Kc2 {[%clk 00:11:22]} 53. g5 {[%clk 00:19:53]} Kb3 {[%clk 00:11:22]}
54. g6 {[%clk 00:19:53]} Kc4 {[%clk 00:11:22]} 55. g7 {[%clk 00:19:53]} Kb5
{[%clk 00:11:22]} 56. g8=Q {[%clk 00:19:53]} Ka4 {[%clk 00:11:22]} 57. Qb7
{[%clk 00:19:53]} Ka3 {[%clk 00:11:22]} 58. Qga8# {[%clk 00:19:53]} 1-0